00247nam a2200109Ia 4500008004100000100001500041245002100056260002200077260000900099546001200108999001700120170619s9999 xx 000 0 und d aRajput R K 0aElectrical Engg. bLaxmi Publication c2003 aENGLISH c16671d16671